000 00423nam a2200181Ia 4500
001 18749
003 IN-NITTTR
005 20251114233217.0
008 251113s9999||||xx |||||||||||||| ||eng||
040 _beng
040 _cIN-NITTTR
041 _aeng
082 _a658.4 K79M
100 _aKoontz, Harold
245 0 _aManagement. /
_cKoontz, Harold, Weihrich, Heinz
700 _a Weihrich, Heinz
942 _2ddc
_cBK
999 _c21383
_d21383